| 000 | 00443 a2200157 4500 | ||
|---|---|---|---|
| 999 |
_c254 _d254 |
||
| 008 | 220921b ||||| |||| 00| 0 eng d | ||
| 020 | _a9781908833631 | ||
| 041 | 0 | _aeng | |
| 082 | 0 | 0 |
_a387.15 _bI17 |
| 110 |
_92796 _aInstitute of Chartered Shipbrokers |
||
| 245 | _aPort and terminal management | ||
| 260 |
_aLondon: _bInstitute of Chartered Shipbrokers, _c2015. |
||
| 300 | _aviii, 210 p. | ||
| 650 | 0 | _aHarbors - Management | |
| 942 |
_2ddc _cBK |
||